000 01038nam a2200265u 4500
001 31879
003 BD-RjUL
005 20211209051748.0
008 140422s1930 enk 001 0 eng
035 _a(BD-RjUL)31967
040 _aDLC
_cCarP
_dDLC
_dBD-RjUL
_beng
041 _aeng
082 _a270
_bPAH V-20 1930
100 1 _aPastor, Ludwig.
_d1854-1928. [from old catalog]
_994339
245 0 4 _aThe history of the popes, from the close of the middle ages :
_bdrawn from the secret archives of the Vatican and other original sources /
_cby Ludwig Pastor, Freiherr von; translated and edited by Ernest Graf.
_nVolume XX :
260 _aLondon :
_bKagan Paul,
_c1930.
300 _axxi, 670 p. ;
_c23 cm.
504 _aIncludes index.
610 _aCatholic Church --History.
_9114351
650 0 _aPapacy.
_xHistory.
_y1799-1870.
_994340
700 1 _aAntrobus, Frederick Ignatius,
_d1837-1903, [from old catalog]
_eed.
_994341
700 1 _aGraf, Dom Ernest.
_etr.
_994342
942 _2ddc
_cBK
999 _c31879
_d31879